Interconnections : (Record no. 8434)

MARC details
000 -LEADER
fixed length control field 00824nam a22002412 4500
001 - CONTROL NUMBER
control field 0000013072
005 - DATE AND TIME OF LATEST TRANSACTION
control field 20151217152121.0
008 - FIXED-LENGTH DATA ELEMENTS--GENERAL INFORMATION
fixed length control field 090526s xx 000 0 eng d
020 ## - INTERNATIONAL STANDARD BOOK NUMBER
International Standard Book Number 8177589696 :
040 ## - CATALOGING SOURCE
Original cataloging agency KABU
Transcribing agency KABU
100 1# - MAIN ENTRY--PERSONAL NAME
Personal name Perlman, Radia.
-- 0000170181
245 10 - TITLE STATEMENT
Title Interconnections :
Remainder of title bridges, routers, switches, and internetworking protocols /
Statement of responsibility, etc. Radia Perlman.
250 ## - EDITION STATEMENT
Edition statement 2nd ed.
260 ## - PUBLICATION, DISTRIBUTION, ETC. (IMPRINT)
Place of publication, distribution, etc. New Delhi :
Name of publisher, distributor, etc. Pearson Education,
Date of publication, distribution, etc. 2000.
300 ## - PHYSICAL DESCRIPTION
Extent xiii, 537 p.
650 #0 - SUBJECT ADDED ENTRY--TOPICAL TERM
Topical term or geographic name as entry element Routers (Computers)
-- 0000170182
650 #0 - SUBJECT ADDED ENTRY--TOPICAL TERM
Topical term or geographic name as entry element Computer network protocols.
-- 0000147963
650 #0 - SUBJECT ADDED ENTRY--TOPICAL TERM
Topical term or geographic name as entry element Bridges (Computer networks)
-- 0000170183
650 #0 - SUBJECT ADDED ENTRY--TOPICAL TERM
Topical term or geographic name as entry element Local area networks (Computer networks)
-- 0000156359
852 1# - LOCATION
-- p3575 KES
908 ## - PUT COMMAND PARAMETER (RLIN)
Put command parameter 090526
950 ## - LOCAL HOLDINGS (RLIN)
-- 1
Holdings
Withdrawn status Lost status Source of classification or shelving scheme Not for loan Home library Current library Date acquired Total Checkouts Total Renewals Full call number Barcode Date last seen Date last checked out Price effective from Koha item type
    Library of Congress Classification   Kabarak, Main Campus Kabarak, Main Campus 17/12/2015 1 1 TK5105.543 .P47 2000 c. 1 17724 29/09/2017 19/09/2017 17/12/2015 General Collection
Designed with assistance from East African Informatics Ltd